MARC details
| 000 -CABECERA |
| campo de control de longitud fija |
01466nam a2200325 i 4500 |
| 001 - NÚMERO DE CONTROL |
| campo de control |
000003322 |
| 003 - IDENTIFICADOR DEL NÚMERO DE CONTROL |
| campo de control |
DO-SdBNP |
| 005 - FECHA Y HORA DE LA ÚLTIMA TRANSACCIÓN |
| campo de control |
20260519144510.0 |
| 007 - CAMPO FIJO DE DESCRIPCIÓN FÍSICA--INFORMACIÓN GENERAL |
| campo de control de longitud fija |
ta |
| 008 - DATOS DE LONGITUD FIJA--INFORMACIÓN GENERAL |
| campo de control de longitud fija |
090708s1992 dr a r 001 0 spa d |
| 020 ## - NÚMERO INTERNACIONAL ESTÁNDAR DEL LIBRO |
| Número Internacional Estándar del Libro |
848953800X |
| 040 ## - FUENTE DE LA CATALOGACIÓN |
| Centro catalogador/agencia de origen |
DO-SdBNP |
| Lengua de catalogación |
spa |
| Centro/agencia transcriptor |
BNPHU |
| Normas de descripción |
rda |
| 041 11 - CÓDIGO DE LENGUA |
| Código de lengua del texto/banda sonora o título independiente |
spa |
| Código de lengua del sumario o resumen |
fren |
| Código de lengua original |
eng |
| 082 #4 - NÚMERO DE LA CLASIFICACIÓN DECIMAL DEWEY |
| Número de clasificación |
xxx |
| Número de documento/Ítem |
xxx |
| Número de edición |
22 |
| 111 1# - ENTRADA PRINCIPAL--NOMBRE DE CONGRESO/REUNIÓN |
| Nombre de congreso/reunión o jurisdicción como elemento de entrada |
Encuentro internacional pobreza y medio ambiente en el Caribe |
| Sede del congreso/Lugar de la reunión |
Santiago, República Dominicana |
| Fecha del congreso/reunión |
(1992, octubre. 21-25) |
| 9 (RLIN) |
86805 |
| 245 10 - MENCIÓN DE TÍTULO |
| Título |
Pobreza y medio ambiente = Poverty and environment = Pauvrete et environnement : |
| Resto del título |
basado principalmente en las actas de un encuentro internacional / |
| Mención de responsabilidad, etc. |
compiladores, Gavino Severino, Víctor Eddy Ruiz ; traducción, Lourdes Meyreles, Isabel Germosén. |
| 246 31 - FORMA VARIANTE DE TÍTULO |
| Texto de visualización |
Poverty and environment |
| 246 31 - FORMA VARIANTE DE TÍTULO |
| Título propio/Titulo breve |
Pauvreté et environnement |
| 264 #1 - PRODUCCIÓN, PUBLICACIÓN, DISTRIBUCIÓN, FABRICACIÓN Y COPYRIGHT |
| Producción, publicación, distribución, fabricación y copyright |
Santo Domingo : |
| Nombre del de productor, editor, distribuidor, fabricante |
ENDA-Caribe ; PUCMM, |
| Fecha de producción, publicación, distribución, fabricación o copyright |
1992. |
| 270 ## - DIRECCIÓN |
| Dirección |
ENDA- Caribe |
| -- |
Apartado. 3370 |
| Ciudad |
Santo Domingo |
| País |
República Dominicana |
| Número de teléfono |
1 809 566-8321 |
| Número de fax |
1 809 541-3259 |
| Dirección de correo electrónico |
[email protected] |
| -- |
[email protected] |
| 300 ## - DESCRIPCIÓN FÍSICA |
| Extensión |
440 páginas ; |
| Dimensiones |
21 cm. |
| 336 ## - TIPO DE CONTENIDO |
| Término de tipo de contenido |
texto |
| Código de tipo de contenido |
txt |
| Fuente |
rdacontent |
| 337 ## - TIPO DE MEDIO |
| Nombre/término del tipo de medio |
sin mediación |
| Código del tipo de medio |
n |
| Fuente |
rdamedia |
| 338 ## - TIPO DE SOPORTE |
| Nombre/término del tipo de soporte |
volumen |
| Código del tipo de soporte |
nc |
| Fuente |
rdacarrier |
| 700 1# - PUNTO DE ACCESO ADICIONAL--NOMBRE DE PERSONA |
| Nombre de persona |
Severino, Gavino, |
| Término indicativo de función/relación |
compilador |
| Código de función/relación |
comp. |
| 9 (RLIN) |
10437 |
| 700 1# - PUNTO DE ACCESO ADICIONAL--NOMBRE DE PERSONA |
| Nombre de persona |
Ruiz, Víctor Eddy, |
| Término indicativo de función/relación |
compilador |
| Código de función/relación |
comp. |
| 9 (RLIN) |
10438 |
| 700 1# - PUNTO DE ACCESO ADICIONAL--NOMBRE DE PERSONA |
| Nombre de persona |
Meyreles, Lourdes, |
| Término indicativo de función/relación |
traductor |
| Código de función/relación |
tr. |
| 9 (RLIN) |
10439 |
| 700 1# - PUNTO DE ACCESO ADICIONAL--NOMBRE DE PERSONA |
| Nombre de persona |
Germosén, Isabel, |
| Término indicativo de función/relación |
traductor |
| Código de función/relación |
tr. |
| 9 (RLIN) |
10440 |
| 942 ## - ELEMENTOS DE PUNTO DE ACCESO ADICIONAL (KOHA) |
| Fuente del sistema de clasificación o colocación |
Dewey Decimal Classification |
| Tipo de ítem Koha |
Libro |